00545nam a2200157Ia 4500008004100000082001500041100002300056245003000079260003800109300000700147630003000154730003000184942000900214999001900223952014500242100122s9999 xx 000 0 und d b46351a823 aARORA BOOK COMPANY aPRINCE AHMAD AND PRINCESS bARORA BOOK PUBLISHING HOUSEc1991 a26 aPRINCE AHMAD AND PRINCESS aPRINCE AHMAD AND PRINCESS cBOOK c373985d373982 00104070aSVPPARLEbSVPPARLEd1992-02-14g10.00l0o46351pSVPPARLE-46351r2010-01-25 00:00:00v10.00w2010-01-25yBOOKz", , General, NA"